| 000 | 00921nas a2200301 4500 | ||
|---|---|---|---|
| 001 | BR0201309 | ||
| 003 | BR-BrBNA | ||
| 005 | 20231205102817.0 | ||
| 007 | ta | ||
| 008 | 230509b bl.|||p| |||| 00| 00por d | ||
| 040 |
_aBR-BrBNA _bpor _cBiblioteca Nacional de Agricultura |
||
| 041 | _a(Pt) | ||
| 072 | _aF02 | ||
| 100 | 1 | _aMartins, C.R. | |
| 100 | 1 | _aSczepanski, P.H.G. | |
| 100 | 1 | _aBachettini, P.S. | |
| 100 | 1 | _aFrança, R.B. de | |
| 100 | 1 | _aFortes, G.R. de L. | |
| 245 | 1 | _aCalogênese de tecido foliar de porta-enxerto de macieira M.7 (Mallus sp.)induzida por BAP e CPPU | |
| 650 | _aMAÇÃ | ||
| 650 | _aCALOGÊNIO | ||
| 650 | _aPORTA ENXERTO | ||
| 650 | _aCULTURA DE TECIDO | ||
| 650 | _aREGENERAÇÃO | ||
| 773 | 0 |
_tRevista Brasileira de Fruticultura (Brazil) _xISSN 0100-2945 _g(Dec 2001), v. 23(3) p. 714-717 _wBR0201309 |
|
| 909 |
_a202311 _bLúcia _c55 _dLúcia Elande |
||
| 942 |
_2AGRIS _n0 _cANA |
||
| 999 |
_c169453 _d169453 |
||